Test de matrices progresivas. Escala coloreada cuaderno de matrices series A, Ab y B

Guardat en:
Dades bibliogràfiques
Autor principal: Raven, J. C (Autor)
Format: Llibre
Idioma:espanyol
Publicat: Buenos Aires Paidós 2003
Edició:2a. ed
Matèries:
Etiquetes: Afegir etiqueta
Sense etiquetes, Sigues el primer a etiquetar aquest registre!

MARC

LEADER 00000nam a2200000 a 4500
001 UCI3018
003 CL-VaPUC
008 071012e20030000AG |||||||||||||||||spa|d
020 |a 9789501260588 
082 0 4 |a 153.93  |b RAV  |2 21 
100 0 |a Raven, J. C  |e author  |9 524307 
245 1 0 |a Test de matrices progresivas. Escala coloreada cuaderno de matrices series A, Ab y B 
250 |a 2a. ed 
300 |a p. irreg 
942 |c BK 
945 |d 20071012 00:00:00  |a rbrito 
260 |a Buenos Aires  |b Paidós  |c 2003 
500 |a Incluye carpeta de evaluación, plantilla de puntuacion, protocolo de prueba de Raven 
650 7 |a TEST DE RAVEN  |2 CL-VaPUC  |9 524308 
650 0 |a Tests psicológicos  |9 308644 
650 0 |a Pruebas de inteligencia  |9 307461 
650 0 |a Desarrollo mental   |9 313003 
650 0 |a Psicología educacional   |9 307830 
650 0 |a Pruebas psicológicas  |9 307459 
650 0 |a Psicometría  |9 260694 
583 |a last modification  |c 20130101 10:13:28  |k Rodrigo Vera 
999 |c 327415  |d 327413 
952 |0 0  |1 0  |4 0  |6 153_930000000000000_RAV_2003  |7 0  |8 R  |9 410238  |a BIBEDU  |b BIBEDU  |c MCIRC  |d 2019-11-22  |i 4378423  |o 153.93 RAV 2003  |p 4378423  |r 2023-01-13  |w 2019-11-22  |y BK_R  |k PSI